Diagnóstico y propuesta de mejoramiento urbano, sector universitario Managua
Presenta un estudio de la zona llamada Zona de Corredor Universitario que comprende sectores de los distritos 4 y 5 de Managua, se determinan los problemas de deficiencia urbanística en el corredor universitario, se realiza un análisis y evaluación a nivel Municipal (General), en el que se toman...
| Main Author: | |
|---|---|
| Other Authors: | |
| Format: | Tesis Section = Libro |
| Language: | Undetermined Spanish |
| Published: |
Managua
UNI
2010
|
| Subjects: |
| LEADER | 01231nam a2200241Ia 4500 | ||
|---|---|---|---|
| 008 | 240830s9999 xx 000 0 und d | ||
| 040 | |a BIBLIOTECA-RUSB/ Mon 711.57 M858 | ||
| 041 | |a spa | ||
| 082 | |a Mon 711.57 M858 | ||
| 100 | 1 | |a Morín Muñoz, Alberto José | |
| 245 | 1 | 0 | |a Diagnóstico y propuesta de mejoramiento urbano, sector universitario Managua |
| 260 | |a Managua |b UNI |c 2010 | ||
| 300 | |a 100 p. :il. | ||
| 502 | |a Tesis (Arquitecto) - UNI, 2010. | ||
| 520 | 3 | |a Presenta un estudio de la zona llamada Zona de Corredor Universitario que comprende sectores de los distritos 4 y 5 de Managua, se determinan los problemas de deficiencia urbanística en el corredor universitario, se realiza un análisis y evaluación a nivel Municipal (General), en el que se toman en cuenta los elementos físicos, naturales de infraestructura, los servicios y elementos económicos y sociales, además se efectúa un análisis y valoración a nivel de distrito, específico y la local. | |
| 650 | 7 | |a URBANISMO | |
| 650 | 7 | |b MEJORAMIENTO URBANO | |
| 650 | 7 | |c PLANIFICACIÓN URBANA | |
| 650 | 7 | |d CIUDADES UNIVERSITARIAS | |
| 700 | 1 | |a Tutor: |b Solís Pérez, Silvio Noel | |
| 942 | |c BK |2 ddc | ||
| 991 | |a TESIS | ||
| 999 | |c 21023 | ||